[Event "Tabor op"]
[Site "Tabor"]
[Date "2013.08.03"]
[Round "8"]
[White "Severa, Jiri"]
[Black "Rolinek, Dominik"]
[Result "0-1"]
[WhiteElo "1702"]
[BlackElo "1250"]
[PlyCount "86"]
[EventDate "2013.07.28"]
[EventType "swiss"]
[EventRounds "9"]
[EventCountry "CZE"]
[SourceTitle "CBM 155 Extra"]
[Source "ChessBase"]
[SourceDate "2013.08.26"]
[SourceVersion "1"]
[SourceVersionDate "2013.08.26"]
[SourceQuality "1"]

1. d4 Nf6 2. Nf3 d5 3. c4 Bg4 4. e3 e6 5. Be2 c5 6. Nc3 cxd4 7. Nxd4 Bxe2 8. Qxe2 Bb4 9. Bd2 Bxc3 10. Bxc3 Ne4 11. Bb4 Nc6 12. Nxc6 bxc6 13. 0-0 d4 14. Qg4 c5 15. Qxe4 cxb4 16. Qc6+ Ke7 17. Qc5+ Qd6 18. Qg5+ Kf8 19. Rfd1 d3 20. Rd2 Rc8 21. b3 f6 22. Qg3 Qxg3 23. hxg3 Rd8 24. Rad1 Ke7 25. Rxd3 Rxd3 26. Rxd3 Rc8 27. Kf1 Rc5 28. Ke2 Ra5 29. Rd2 e5 30. e4 Ke6 31. Rd5 Rxa2+ 32. Rd2 Ra3 33. Rb2 a5 34. Kd3 Kd6 35. f4 a4 36. Kc2 Kc5 37. f5 axb3+ 38. Kd3 Ra2 39. Rxb3 Rxg2 40. Rb1 Rxg3+ 41. Kd2 Kxc4 42. Ra1 Kd4 43. Ra4 Kxe4 0-1

[Event "Tabor op"]
[Site "Tabor"]
[Date "2013.08.01"]
[Round "6"]
[White "Severa, Jiri"]
[Black "Outrata, Hynek"]
[Result "1/2-1/2"]
[WhiteElo "1702"]
[BlackElo "1499"]
[PlyCount "84"]
[EventDate "2013.07.28"]
[EventType "swiss"]
[EventRounds "9"]
[EventCountry "CZE"]
[SourceTitle "CBM 155 Extra"]
[Source "ChessBase"]
[SourceDate "2013.08.26"]
[SourceVersion "1"]
[SourceVersionDate "2013.08.26"]
[SourceQuality "1"]

1. d4 f5 2. c4 Nf6 3. Nc3 e6 4. g3 d5 5. cxd5 Nxd5 6. Bg2 Bb4 7. Bd2 0-0 8. Nxd5 Bxd2+ 9. Qxd2 exd5 10. Nf3 c6 11. 0-0 Be6 12. Rac1 Nd7 13. b4 a5 14. bxa5 Qxa5 15. Qxa5 Rxa5 16. Rc2 Rfa8 17. Ra1 c5 18. dxc5 Rxc5 19. Rxc5 Nxc5 20. Nd4 Kf7 21. Rc1 b6 22. Rc2 Kf6 23. f3 g6 24. Rb2 Rb8 25. Bf1 Bd7 26. e3 Na4 27. Rb3 Nc5 28. Rb1 Ne6 29. Nb5 Ke7 30. a4 Nc5 31. Rb4 Rb7 32. Nc3 Kd6 33. Rd4 Bc6 34. Bb5 Re7 35. Kf2 Bb7 36. Bc4 Ne6 37. Rd2 Nc7 38. e4 fxe4 39. fxe4 Re5 40. Kf3 Ke6 41. Bb3 Bc6 42. Ke3 Kd6 1/2-1/2

[Event "Tabor op"]
[Site "Tabor"]
[Date "2013.07.29"]
[Round "3"]
[White "Simecek, Josef"]
[Black "Severa, Jiri"]
[Result "1-0"]
[WhiteElo "1939"]
[BlackElo "1702"]
[PlyCount "79"]
[EventDate "2013.07.28"]
[EventType "swiss"]
[EventRounds "9"]
[EventCountry "CZE"]
[SourceTitle "CBM 155 Extra"]
[Source "ChessBase"]
[SourceDate "2013.08.26"]
[SourceVersion "1"]
[SourceVersionDate "2013.08.26"]
[SourceQuality "1"]

1. e4 c5 2. b3 d6 3. Bb2 e6 4. Bb5+ Bd7 5. Bxd7+ Nxd7 6. f4 Ngf6 7. d3 Be7 8. Nf3 0-0 9. 0-0 Qc7 10. Nbd2 b5 11. a4 a6 12. Qe2 d5 13. Ne5 d4 14. Nxd7 Qxd7 15. f5 e5 16. g4 h6 17. h4 Nh7 18. Qh2 f6 19. Rf3 Rf7 20. Rh3 Kf8 21. Nf3 Ke8 22. g5 hxg5 23. hxg5 Nxg5 24. Nxg5 fxg5 25. Rh8+ Bf8 26. Qxe5+ Qe7 27. Qxe7+ Rxe7 28. axb5 Kf7 29. b6 Ree8 30. Bc1 Reb8 31. Bxg5 Rxb6 32. Kf2 Rbb8 33. Kf3 Re8 34. Ra5 Rec8 35. Bf4 g6 36. fxg6+ Kxg6 37. Ra1 Be7 38. Rxc8 Rxc8 39. Rxa6+ Kh5 40. Rh6# 1-0

[Event "Tabor op"]
[Site "Tabor"]
[Date "2012.07.29"]
[Round "1"]
[White "Severa, Jiri"]
[Black "Krcal, Michal"]
[Result "0-1"]
[WhiteElo "1700"]
[BlackElo "2130"]
[PlyCount "42"]
[EventDate "2012.07.29"]
[EventType "swiss"]
[EventRounds "9"]
[EventCountry "CZE"]
[SourceTitle "EXT 2013"]
[Source "ChessBase"]
[SourceDate "2012.11.22"]
[SourceVersion "1"]
[SourceVersionDate "2012.11.22"]
[SourceQuality "1"]

1. d4 Nf6 2. Nf3 d5 3. c4 g6 4. Nc3 Bg7 5. e3 0-0 6. cxd5 Nxd5 7. Bc4 Nb6 8. Be2 Nc6 9. 0-0 a5 10. b3 e5 11. dxe5 Nxe5 12. Bb2 Nxf3+ 13. Bxf3 Qxd1 14. Rfxd1 a4 15. bxa4 Nc4 16. Rab1 Nxb2 17. Rxb2 Bxc3 18. Rb3 Be5 19. Bxb7 Bxb7 20. Rxb7 Rxa4 21. f4 Bd6 0-1

[Event "Tabor op"]
[Site "Tabor"]
[Date "2010.08.04"]
[Round "5"]
[White "Severa, Jiri"]
[Black "Pekarkova, Eva"]
[Result "0-1"]
[WhiteElo "1724"]
[BlackElo "1967"]
[PlyCount "78"]
[EventDate "2010.08.01"]
[EventType "swiss"]
[EventRounds "9"]
[EventCountry "CZE"]
[SourceTitle "EXT 2012"]
[Source "ChessBase"]
[SourceDate "2011.11.24"]
[SourceVersion "1"]
[SourceVersionDate "2011.11.24"]
[SourceQuality "1"]

1. d4 d5 2. Nf3 Nf6 3. c4 c6 4. Nc3 g6 5. e3 Bg7 6. Be2 Bg4 7. cxd5 cxd5 8. h3 Bd7 9. Qb3 Bc6 10. Ne5 Nbd7 11. Nxc6 bxc6 12. 0-0 Rb8 13. Qa4 Qc7 14. b4 0-0 15. Bd2 Qb6 16. Rab1 e5 17. b5 c5 18. dxc5 Nxc5 19. Qa3 d4 20. Na4 Nxa4 21. Qxa4 Nd5 22. Rfc1 dxe3 23. fxe3 Nxe3 24. Rc6 Qd4 25. Qxd4 exd4 26. a4 Nd5 27. Bf3 Nc3 28. Bxc3 dxc3 29. Be4 Rfd8 30. Rc7 Rdc8 31. Rxc8+ Rxc8 32. Bc6 Rd8 33. Be4 Rd2 34. Rc1 Ra2 35. Bc2 Bh6 36. Bb3 Bxc1 37. Bxa2 Be3+ 38. Kh2 c2 39. a5 c1Q 0-1

[Event "Tabor op"]
[Site "Tabor"]
[Date "2008.08.01"]
[Round "7"]
[White "Severa, Jiri"]
[Black "Pekarkova, Eva"]
[Result "0-1"]
[WhiteElo "1750"]
[BlackElo "2011"]
[PlyCount "71"]
[EventDate "2008.07.26"]
[EventType "swiss"]
[EventRounds "9"]
[EventCountry "CZE"]
[SourceTitle "CBM 125 Extra"]
[Source "ChessBase"]
[SourceDate "2008.09.01"]
[SourceVersion "1"]
[SourceVersionDate "2008.09.01"]
[SourceQuality "1"]

1. d4 Nf6 2. Nf3 g6 3. c4 Bg7 4. Nc3 d5 5. Bg5 Ne4 6. Bh4 Nxc3 7. bxc3 0-0 8. cxd5 Qxd5 9. Bxe7 Re8 10. Bh4 Bg4 11. Qd3 Bf5 12. Qd1 Bg4 13. e3 c5 14. Be2 Nc6 15. 0-0 Qh5 16. Bg3 Rad8 17. Re1 cxd4 18. cxd4 Qd5 19. Qb3 Qd7 20. Rab1 Bf5 21. Rb2 b6 22. Bb5 Qb7 23. Qa4 Bd7 24. Rc2 Ne7 25. Rc7 Bxb5 26. Qxb5 Qa8 27. Qa6 Qd5 28. Rec1 Nf5 29. Bf4 h6 30. Qc4 Qxc4 31. R1xc4 g5 32. Bg3 g4 33. Bh4 Nxh4 34. Nxh4 Rxd4 35. Rc1 Ra4 36. R7c2 0-1

[Event "Tabor op"]
[Site "Tabor"]
[Date "2007.08.02"]
[Round "6"]
[White "Novotny, Pavel"]
[Black "Severa, Jiri"]
[Result "0-1"]
[WhiteElo "1841"]
[BlackElo "1531"]
[PlyCount "94"]
[EventDate "2007.07.29"]
[EventType "swiss"]
[EventRounds "9"]
[EventCountry "CZE"]
[SourceTitle "EXT 2009"]
[Source "ChessBase"]
[SourceDate "2008.11.26"]
[SourceVersion "1"]
[SourceVersionDate "2008.11.26"]
[SourceQuality "1"]

1. e4 c5 2. Nf3 d6 3. d4 cxd4 4. Nxd4 Nf6 5. Nc3 a6 6. Be2 e6 7. 0-0 Be7 8. Be3 0-0 9. f4 Nc6 10. Kh1 Qc7 11. Bf3 Bd7 12. Nde2 b5 13. a3 Rab8 14. Na2 Na5 15. Nb4 Bc8 16. b3 Bb7 17. Qd3 Rfd8 18. g4 Nd7 19. Rac1 Nc5 20. Qc3 Bf6 21. e5 Bxf3+ 22. Rxf3 Qb7 23. Bxc5 dxc5 24. exf6 cxb4 25. axb4 Rbc8 26. Qe3 Nc6 27. Qe4 Qd7 28. Rd3 Qe8 29. Rcd1 gxf6 30. Rxd8 Nxd8 31. c3 Kg7 32. Rd3 Qc6 33. Ng3 Qxe4+ 34. Nxe4 Nc6 35. Kg2 Ne7 36. Nc5 Rc6 37. Kf3 Nd5 38. Ke4 Kf8 39. h4 Ke7 40. f5 a5 41. Kd4 axb4 42. c4 Nf4 43. cxb5 Rxc5 44. Kxc5 Nxd3+ 45. Kc6 Ne5+ 46. Kc7 Nd7 47. b6 e5 0-1

[Event "Tabor op"]
[Site "Tabor"]
[Date "2005.08.05"]
[Round "8"]
[White "Severa, Jiri"]
[Black "Richtr, Tomas"]
[Result "0-1"]
[WhiteElo "1546"]
[BlackElo "1643"]
[PlyCount "65"]
[EventDate "2005.07.30"]
[EventType "swiss"]
[EventRounds "9"]
[EventCountry "CZE"]
[SourceTitle "EXT 2006"]
[Source "ChessBase"]
[SourceDate "2005.11.24"]
[SourceVersion "1"]
[SourceVersionDate "2005.11.24"]
[SourceQuality "1"]

1. d4 Nf6 2. Nf3 g6 3. c4 Bg7 4. Nc3 0-0 5. e4 d6 6. Be2 e5 7. 0-0 Nc6 8. d5 Ne7 9. h3 Nd7 10. Qc2 f5 11. exf5 Nxf5 12. Ne4 Qe8 13. Nfg5 Nd4 14. Qd3 h6 15. Bg4 hxg5 16. Be6+ Nxe6 17. dxe6 Nf6 18. Nxg5 Bxe6 19. f4 e4 20. Qe3 Bxc4 21. Re1 d5 22. Qg3 d4 23. Qh4 e3 24. b3 Nh5 25. bxc4 Rxf4 26. g4 Qc6 27. Re2 Raf8 28. Bxe3 dxe3 29. Rxe3 Bxa1 30. Qe1 Bd4 31. gxh5 Rf1+ 32. Qxf1 Rxf1+ 33. Kxf1 0-1

[Event "Tabor op"]
[Site "Tabor"]
[Date "2005.08.??"]
[Round "4"]
[White "Holub, Jan"]
[Black "Severa, Jiri"]
[Result "0-1"]
[WhiteElo "2042"]
[BlackElo "1546"]
[PlyCount "78"]
[EventDate "2005.07.30"]
[EventType "swiss"]
[EventRounds "9"]
[EventCountry "CZE"]
[SourceTitle "EXT 2006"]
[Source "ChessBase"]
[SourceDate "2005.11.24"]
[SourceVersion "1"]
[SourceVersionDate "2005.11.24"]
[SourceQuality "1"]

1. e4 c5 2. Nf3 d6 3. Bc4 e6 4. d3 Nf6 5. 0-0 a6 6. Nc3 Nc6 7. h3 Be7 8. Be3 0-0 9. Re1 b5 10. Bb3 Na5 11. Qe2 Qc7 12. d4 c4 13. e5 dxe5 14. Nxe5 Nd5 15. Nxd5 exd5 16. Red1 Bb7 17. Bg5 Rfe8 18. Bxe7 Rxe7 19. Re1 Rae8 20. Kh1 Nc6 21. Rad1 Nxe5 22. dxe5 Rxe5 23. Qf1 Qe7 24. Rxe5 Qxe5 25. Kg1 cxb3 26. cxb3 Qe2 27. Qxe2 Rxe2 28. Rc1 Re7 29. a4 b4 30. a5 g6 31. f4 d4 32. Rc4 Rd7 33. Rxb4 d3 34. Ra4 d2 35. Ra1 d1Q+ 36. Rxd1 Rxd1+ 37. Kf2 Rd2+ 38. Kg3 Rxg2+ 39. Kh4 f6 0-1